Contemporary Advertising (Record no. 103)

MARC details
000 -LEADER
fixed length control field 00477nam a2200193Ia 4500
003 - CONTROL NUMBER IDENTIFIER
control field OSt
005 - DATE AND TIME OF LATEST TRANSACTION
control field 20230508105706.0
008 - FIXED-LENGTH DATA ELEMENTS--GENERAL INFORMATION
fixed length control field 230312s9999||||xx |||||||||||||| ||und||
020 ## - INTERNATIONAL STANDARD BOOK NUMBER
International Standard Book Number 0-256-02736-6
040 ## - CATALOGING SOURCE
Transcribing agency Superior University
082 ## - DEWEY DECIMAL CLASSIFICATION NUMBER
Classification number 659.1
Item number BOV
100 ## - MAIN ENTRY--PERSONAL NAME
Personal name Bovee, Courtland L
245 #0 - TITLE STATEMENT
Title Contemporary Advertising
260 ## - PUBLICATION, DISTRIBUTION, ETC.
Name of publisher, distributor, etc. IRWIN
Place of publication, distribution, etc. London
Date of publication, distribution, etc. 1982
300 ## - PHYSICAL DESCRIPTION
Extent 808
546 ## - LANGUAGE NOTE
Language note Eng.
650 ## - SUBJECT ADDED ENTRY--TOPICAL TERM
Topical term or geographic name entry element Management
Form subdivision advertising and marketing mix
942 ## - ADDED ENTRY ELEMENTS (KOHA)
Koha item type BOOK
Source of classification or shelving scheme Dewey Decimal Classification
Holdings
Withdrawn status Lost status Source of classification or shelving scheme Damaged status Not for loan Home library Current library Date acquired Total Checkouts Full call number Barcode Date last seen Price effective from Koha item type
    Dewey Decimal Classification     Superior Information Resource Center (SIRC) Superior University- Main Campus Superior Information Resource Center (SIRC) Superior University- Main Campus 03/13/2023   659.1 BOV 103 03/13/2023 03/13/2023 BOOK

Powered by Koha